Normal view
MARC view
Entry Personal Name
001 - CONTROL NUMBER
- control field: 527213
003 - CONTROL NUMBER IDENTIFIER
- control field: OSt
005 - DATE AND TIME OF LATEST TRANSACTION
- control field: 20220930070513.0
008 - FIXED-LENGTH DATA ELEMENTS
- fixed length control field: 220930|| aca||aabn | a|a d
040 ## - CATALOGING SOURCE
- Original cataloging agency: OSt
- Transcribing agency: OSt
100 ## - HEADING--PERSONAL NAME
- Personal name: Seth Neeru
670 ## - SOURCE DATA FOUND
- Source citation: Work cat.: (OSt)861005: Seth Neeru, Ultrastructural and histochemical studies on seed development in sesbania speciosa taubert exengler, 1989
